China y América Latina en una nueva fase : (Record no. 153870)

MARC details
000 -LEADER
campo de control de longitud fija 03025nam a22004095i 4500
001 - NÚMERO DE CONTROL
campo de control ELB221618
003 - IDENTIFICADOR DE NÚMERO DE CONTROL
campo de control FINmELB
005 - FECHA Y HORA DE LA ÚLTIMA TRANSACCIÓN
campo de control 20250326043837.0
006 - CÓDIGOS DE INFORMACIÓN DE LONGITUD FIJA--CARACTERÍSTICAS DEL MATERIAL ADICIONAL
campo de control de longitud fija m o d |
007 - CAMPO FIJO DE DESCRIPCIÓN FÍSICA--INFORMACIÓN GENERAL
campo de control de longitud fija cr cnu||||||||
008 - DATOS DE LONGITUD FIJA--INFORMACIÓN GENERAL
campo de control de longitud fija 221101s2019 cl bd gob 000 0dspa d
020 ## - NÚMERO INTERNACIONAL ESTÁNDAR DEL LIBRO
Número Internacional Estándar del Libro 9789561126459
Información calificativa digital
020 ## - NÚMERO INTERNACIONAL ESTÁNDAR DEL LIBRO
ISBN cancelado o inválido 9789561126268
035 ## - NÚMERO DE CONTROL DEL SISTEMA
Número de control de sistema (OCoLC)1351571153
040 ## - FUENTE DE CATALOGACIÓN
Centro catalogador/agencia de origen FINmELB
Lengua de catalogación spa
Normas de descripción rda
Centro/agencia transcriptor FINmELB
050 #4 - SIGNATURA TOPOGRÁFICA DE LA BIBLIOTECA DEL CONGRESO
Número de clasificación F3321.3.C6
Número de ítem C456 2019
080 ## - NÚMERO DE LA CLASIFICACIÓN DECIMAL UNIVERSAL
Número de la Clasificación Decimal Universal 327
082 04 - NÚMERO DE LA CLASIFICACIÓN DECIMAL DEWEY
Número de clasificación 327.51083
Número de edición 23
245 00 - MENCIÓN DEL TÍTULO
Título China y América Latina en una nueva fase :
Resto del título desafíos en el siglo XXI /
Mención de responsabilidad, etc. Pamela Aróstica, Walter Sánchez editores.
250 ## - MENCION DE EDICION
Mención de edición 1a. edición.
264 #1 - PRODUCCIÓN, PUBLICACIÓN, DISTRIBUCIÓN, FABRICACIÓN Y COPYRIGHT
Producción, publicación, distribución, fabricación y copyright Santiago, Chile :
Nombre del de productor, editor, distribuidor, fabricante Universitaria,
Fecha de producción, publicación, distribución, fabricación o copyright 2019.
300 ## - DESCRIPCIÓN FÍSICA
Extensión 1 recurso en línea (270 páginas) :
Otras características físicas mapas, gráficos
336 ## - TIPO DE CONTENIDO
Término de tipo de contenido texto
Código de tipo de contenido txt
Fuente rdacontent/spa
337 ## - TIPO DE MEDIO
Nombre/término del tipo de medio computadora
Código del tipo de medio c
Fuente rdamedia/spa
338 ## - TIPO DE SOPORTE
Nombre/término del tipo de soporte recurso en línea
Código del tipo de soporte cr
Fuente rdacarrier/spa
490 1# - MENCIÓN DE SERIE
Mención de serie Estudios
504 ## - NOTA DE BIBLIOGRAFÍA, ETC.
Nota de bibliografía, etc. Nota Incluye bibliografías.
505 00 - NOTA DE CONTENIDO CON FORMATO
Información miscelánea cap.1.
Título nueva etapa en China y sus implicaciones para América Latina, La /
Mención de responsabilidad Andrea Pellandra --
Información miscelánea cap.2.
Título China y América Latina en la nueva normalidad: elementos de análisis en perspectiva sur-sur /
Mención de responsabilidad Fabricio Rodríguez --
Información miscelánea cap.3.
Título Hacia una asociación estratégica: las inversiones de China en América Latina /
Mención de responsabilidad R. Evan Ellis --
Información miscelánea cap.4.
Título China y América Latina en el siglo XXI: asimetría y política exterior en la globalización económica /
Mención de responsabilidad Pamela Aróstica --
Información miscelánea cap.5.
Título relaciones triangulares, Las: ¿La hegemonía de Estados Unidos ha afectado la asertividad de China en América Latina? /
Mención de responsabilidad Francisco Urdinez --
Información miscelánea cap.6.
Título China en Latinoamérica: el rol de la Unión Europea /
Mención de responsabilidad Detlef Nolte --
Información miscelánea cap.7.
Título competencia entre China y Rusia en América Latina, La: ¿Alianza o confrontación? /
Mención de responsabilidad Víctor Jeifets --
Información miscelánea cap.8.
Título Desafíos para los bloques regionales latinoamericanos frente a China /
Mención de responsabilidad Ignacio Bartesaghi --
Información miscelánea cap.9.
Título tren que no salió, Un: las relaciones entre México y China durante la administración de Enrique Peña Nieto /
Mención de responsabilidad José Luís León-Manríquez y Eduardo Tzili Apango --
Información miscelánea cap.10.
Título relaciones económicas y comerciales entre China y Brasil, Las: balance y perspectiva /
Mención de responsabilidad Francisco Luiz Corsi y José Marangoni --
Información miscelánea cap.11.
Título América Central y la Región del Mar Caribe en el mapa geoestratégico de China /
Mención de responsabilidad María del Pilar Ostos --
Información miscelánea cap.12.
Título efectos de China en el crecimiento de la economía uruguaya y futuros escenarios, Los /
Mención de responsabilidad Gustavo Bittencourt.
588 ## - NOTA DE FUENTE DE LA DESCRIPCIÓN
Nota de fuente de la descripción Descripción basada en metadatos suministrados por el editor y otras fuentes.
590 ## - NOTA LOCAL (RLIN)
Nota local Recurso electrónico. Santa Fe, Arg.: elibro, 2022. Disponible vía World Wide Web. El acceso puede estar limitado para las bibliotecas afiliadas a elibro.
651 #4 - PUNTO DE ACCESO ADICIONAL DE MATERIA--NOMBRE GEOGRÁFICO
Nombre geográfico China
Subdivisión general Relaciones exteriores
Subdivisión geográfica Chile
Subdivisión cronológica Siglo 21.
655 #4 - TERMINO DE INDIZACIÓN--GENERO/FORMA
Datos o término principal de género/forma Libros electrónicos.
700 1# - ENTRADA AGREGADA--NOMBRE PERSONAL
Nombre de persona Aróstica, Pamela,
Término indicativo de función/relación editor.
700 1# - ENTRADA AGREGADA--NOMBRE PERSONAL
Nombre de persona Sánchez, Walter,
Término indicativo de función/relación editor.
797 2# - PUNTO DE ACCESO ADICIONAL LOCAL--NOMBRE DE ENTIDAD CORPORATIVA (RLIN)
Nombre de entidad corporativa o nombre de jurisdicción como elemento de entrada elibro, Corp.
856 40 - LOCALIZACIÓN Y ACCESO ELECTRÓNICOS
Identificador Uniforme de Recurso <a href="https://elibro.net/ereader/usam/221618">https://elibro.net/ereader/usam/221618</a>
Holdings
Estatus retirado Estado de pérdida Estado de daño No para préstamo Biblioteca de origen Biblioteca actual Fecha de adquisición Total de préstamos Visto por última vez Precio de reemplazo Tipo de ítem Koha
        Recursos Digitales Recursos Digitales 26/03/2025   26/03/2025 26/03/2025 Libros Electrónicos